000 01124nab a2200325 4500
003 BR-BrBNA
005 20241103234313.0
008 241103b bl.||||| |||| 00| 0 por d
040 _aBR-BrBNA
_bpor
072 _aE12 ; E20 ; C10
100 _aAlmeida, Carlos Alexandre
245 _aFuncionário feliz, fazenda próspera: gestão eficiente de pessoas é uma das chaves da agricultura moderna
500 _a9 illus.; 2 tables
520 _aGESTÃO DE PESSOAS
520 _aPROGRAMAS DE INCENTIVOS PARA FUNCIONÁRIOS
650 _aTRABALHADOR RURAL
650 _aRECURSO HUMANO
650 _aSALÁRIO
650 _aMERCADO DE TRABALHO
650 _aPROPRIEDADE RURAL
650 _aGESTÃO
650 _aADMINISTRAÇÃO DE PESSOAL
650 _aSELEÇÃO
650 _aTREINAMENTO
650 _aCAPACITAÇÃO
650 _aPERFORMANCE
773 0 _04115
_9345196
_dPiracicaba-SP Centro de Estudos Avançados em Economia Aplicada-CEPEA/USP/ESALQ 2002
_o2024-5702
_tHortifruti Brasil (Brazil)
_x1981-1837
_gv. 5(54) p. 6-13; (Jan-Feb 2007)
_wBR2024003115
942 _cANA
999 _c328393
_d328393